| 000 | 02422cam a2200601Ia 4500 | ||
|---|---|---|---|
| 001 | ocn150467592 | ||
| 003 | OCoLC | ||
| 005 | 20200320221156.0 | ||
| 008 | 070702s2007 nyua j 000 0 eng | ||
| 010 | _a 2007298731 | ||
| 019 |
_a962196639 _a966375495 |
||
| 020 | _a9780756630133 | ||
| 020 | _a0756630134 | ||
| 029 | 1 |
_aAU@ _b000042500454 |
|
| 029 | 1 |
_aAU@ _b000047748402 |
|
| 029 | 1 |
_aNZ1 _b11470526 |
|
| 029 | 1 |
_aQBX _ba 07298731 |
|
| 035 |
_a(OCoLC)150467592 _z(OCoLC)962196639 _z(OCoLC)966375495 |
||
| 040 |
_aOCO _beng _cOCO _dBAKER _dDLC _dUPZ _dQBX _dOCLCQ _dBTCTA _dCQU _dXL4 _dJTC _dOCLCF _dOCLCQ _dOCLCO _dYDXCP _dJDP _dE9T _dOCL _dOCLCO _dWACOL |
||
| 049 | _aWACL | ||
| 050 | 0 | 0 |
_aNC1766.U53 _bT734 2007 |
| 082 | 0 | 4 |
_a791.43/72 _222 |
| 092 |
_a791.43 _bFur |
||
| 100 | 1 |
_aFurman, Simon. _96006454 |
|
| 245 | 1 | 0 |
_aTransformers : _bthe movie guide / _cSimon Furman. |
| 250 | _a1st American ed. | ||
| 260 |
_aNew York, N.Y. : _bDK Pub., _c2007. |
||
| 300 |
_a69 pages : _bcolor illustrations ; _c32 cm |
||
| 336 | _atext | ||
| 337 | _aunmediated | ||
| 338 | _avolume | ||
| 520 | _aA guide to the motion picture looks at the characters, their personalities, roles, and what they can change into. | ||
| 521 |
_aJunior Nonfiction _bDonation |
||
| 630 | 0 | 0 |
_aTransformers (Motion picture : 2007) _974000 |
| 630 | 0 | 7 |
_aTransformers (Motion picture : 2007) _2fast _0(OCoLC)fst01794674 _974000 |
| 650 | 0 |
_aTransformers (Fictitious characters) _96006455 |
|
| 650 | 0 |
_aCharacter toys. _96006456 |
|
| 650 | 1 |
_aTransformers (Fictitious characters) _96006455 |
|
| 650 | 7 |
_aCharacter toys. _2fast _0(OCoLC)fst00852286 _96006456 |
|
| 650 | 7 |
_aTransformers (Fictitious characters) _2fast _0(OCoLC)fst01154659 _96006455 |
|
| 650 | 4 |
_aTransformers (Fictitious characters.) _96006457 |
|
| 650 | 4 |
_aCharacter toys. _96006456 |
|
| 655 | 7 |
_aLiterature. _2fast _0(OCoLC)fst01921716 _95737092 |
|
| 655 | 7 |
_aLiterature. _2lcgft _95737092 |
|
| 938 |
_aBaker & Taylor _bBKTY _c17.99 _d13.49 _i0756630134 _n0007082445 _sactive |
||
| 938 |
_aBaker and Taylor _bBTCP _nbl2007014646 |
||
| 938 |
_aQuality Books, Inc. _bQUAL _na 07298731 |
||
| 938 |
_aYBP Library Services _bYANK _n8338434 |
||
| 942 |
_cBOOK _03 |
||
| 948 |
_a07/09/2019 _zSirsi |
||
| 994 |
_aC0 _bWACOL |
||
| 996 |
_a167632 _b34301001634569 _cJNF _dbk _ewcl _fi _g3 _h17.99 _lDonation _m791.43 Fur _p07/09/2019 _q12/03/2019 _r11/15/2019 |
||
| 999 |
_c320475 _d320474 |
||